|
|
|
|
| LEADER |
00000nam a2200000 a 4500 |
| 001 |
vtls001165526 |
| 003 |
SK-MaSNL |
| 005 |
20260331202806.0 |
| 008 |
250414s1977 CS 0 rus |
| 035 |
|
|
|a SNK000108505
|
| 040 |
|
|
|a SNK
|b slo
|c SNK
|e AACR2
|
| 041 |
0 |
|
|a rus
|
| 044 |
|
|
|a [CS]
|
| 080 |
|
|
|a 808.2-56(075.8)
|2 1981
|
| 100 |
1 |
|
|a Kubík, Miloslav
|4 apd
|9 281453
|
| 245 |
1 |
0 |
|a Sintaksis russkogo jazyka
|b Učebnice pro pedagog. fak.
|c Zprac. Miloslav Kubík, Milan Balcar, Miloslav Dlouhý
|
| 250 |
|
|
|a 3. vyd.
|
| 260 |
|
|
|a Praha
|b Státní pedagogické nakladatelství
|c 1977
|
| 300 |
|
|
|a 205, [1] s.
|c 8°
|
| 490 |
0 |
|
|a Učebnice pro vysoké školy
|
| 700 |
1 |
|
|a Balcar, Milan,
|d 1933-
|4 apd
|9 108166
|
| 700 |
1 |
|
|a Dlouhý, Miloslav
|4 apd
|9 378899
|
| 852 |
|
|
|a Slovenská národná knižnica
|
| 958 |
|
|
|a OND
|
| 999 |
|
|
|c 623617
|d 625547
|
| 952 |
|
|
|t P60, <04>, [BOOK], {604}
|a SNK
|b SNK
|y VYP
|7 0
|p 17A0120080
|o snkIC 69793 D1
|0 0
|1 1
|4 0
|d 1998-01-31
|l 0
|r 2005-01-01 00:00:00
|w 2026-02-23
|
| 952 |
|
|
|t P60, <04>, [BOOK], {604}
|a SNK
|b SNK
|y VYP
|7 0
|p 17A0186717
|o snkIC 69793
|0 0
|1 0
|4 0
|d 1999-03-26
|l 0
|r 2005-01-01 00:00:00
|w 2026-02-23
|